ბათუმის შოთა რუსთაველის სახელმწიფო უნივერსიტეტის ბიბლიოთეკა

ლეგენდა პირველ თბილისელებზე; დედა (ბიბ.ჩანაწერი № 50146)

000 -LEADER
fixed length control field 00821nam a2200229Ia 4500
001 - CONTROL NUMBER
control field 17084
003 - CONTROL NUMBER IDENTIFIER
control field GE_BSU
008 - FIXED-LENGTH DATA ELEMENTS--GENERAL INFORMATION
fixed length control field 181216s||||||||xx |||||||||||||| ||und||
040 ## - CATALOGING SOURCE
Transcribing agency GE_BSU
080 ## - UNIVERSAL DECIMAL CLASSIFICATION NUMBER
Universal Decimal Classification number 821.353.1-11
100 ## - MAIN ENTRY--PERSONAL NAME
Personal name აბაშიძე, გ.
245 ## - TITLE STATEMENT
Title ლეგენდა პირველ თბილისელებზე; დედა
245 ## - TITLE STATEMENT
Remainder of title დრამატიული პოემა
245 ## - TITLE STATEMENT
Statement of responsibility, etc. რედ.ა.გაბესკირია
260 ## - PUBLICATION, DISTRIBUTION, ETC.
Place of publication, distribution, etc. თბილისი
260 ## - PUBLICATION, DISTRIBUTION, ETC.
Name of publisher, distributor, etc. საბჭ. მწერალი
260 ## - PUBLICATION, DISTRIBUTION, ETC.
Date of publication, distribution, etc. 1959
300 ## - PHYSICAL DESCRIPTION
Extent 71გვ. : ილ. ; 20სმ
653 ## - INDEX TERM--UNCONTROLLED
Uncontrolled term დრამატიული პოემა
653 ## - INDEX TERM--UNCONTROLLED
Uncontrolled term ლეგენდა პირველ თბილისელებზე; დედა
942 ## - ADDED ENTRY ELEMENTS (KOHA)
Koha item type წიგნი
ეგზემპლარები
Withdrawn status Lost status Damaged status Not for loan Date acquired Barcode Date last seen Price effective from Koha item type
        2018-12-17 21582 2018-12-17 2018-12-17 წიგნი
        2018-12-17 21583 2018-12-17 2018-12-17 წიგნი
        2018-12-17 21584 2018-12-17 2018-12-17 წიგნი